Karaoke infantil (Registo nº 3570)

Detalhes MARC
000 -Etiqueta do registo
Cabeçalho 01000ngm0a2200289 4500
005 - Identificador da versão
Campo de controlo 20240902105651.0
021 ## - Número do Depósito Legal
Código do país PT
071 0# - Número do editor (registos sonoros e música) 
Número do editor 9192/03
100 ## - Dados gerais de processamento
Dados gerais de processamento 20050630d2003 bc y0pory5003 ba
101 0# - Língua de publicação
Língua do texto, banda sonora, etc. Português
102 ## - Pais de publicação ou produção
País de publicação Portugal
115 ## - Campo de dados codificados: Projecções Visuais, Filmes e Vídeos
Dados modificados - geral b063bbz zzzz zzxxc
200 1# - Titulo e menção de responsabilidade
Título próprio Karaoke infantil
Indicação geral da natureza do documento Registo vídeo
Informação de outro título e para toda a família
Primeira menção de responsabilidade Fernando Paulo Gomes, Luís Matos, Paulo Henriques
210 ## - Publicação, Distribuição, etc. 
Lugar da edição, distribuição, etc. PT
Nome do editor, distribuidor, etc. Edições Convite à Música
Data da publicação, distribuição, etc. 2003
215 ## - Descrição física 
Indicação específica da natureza do documento e extensão da espécie 1 DVD (PAL 2)
Outras indicações físicas col., son.
225 2# - Colecção 
Título próprio da colecção ECM Karaoke
Informação de outro título da colecção  a partir dos 3 anos, com ícones de pré-leitura
Indicação de volume 3
305 ## - Notas relativas à edição e história bibliográfica da publicação 
Texto da nota Data de lançamento: 2003
306 ## - Notas relativas a publicação, distribuição, etc. 
Texto da nota Distribuidor cinema: ECM
327 1# - Nota de conteúdo 
Texto da nota Conteúdo: 12 temas com voz, 12 instrumentais; com os livros aprende o alfabeto de A a L e muito mais.
606 ## - Nome comum usado como assunto
Número de registo de entrada de autoridade 0002840
Palavra de ordem Filme
Subdivisão de assunto Karaoke
610 1# - Termos de indexação não controlados
Subject Term DVD música
702 #1 - Nome de autor-pessoa física (responsabilidade secundária)
Número de registo de entrada de autoridade 0000568
Palavra de ordem Gomes
Outra parte do nome não tomada para palavra de ordem Fernando Paulo
Código de função Autor / Co-autor
Número de registo de entrada de autoridade 0001812
Palavra de ordem Matos
Outra parte do nome não tomada para palavra de ordem Luís
Código de função Autor / Co-autor
Número de registo de entrada de autoridade 0002841
Palavra de ordem Henriques
Outra parte do nome não tomada para palavra de ordem Paulo
Código de função Autor / Co-autor
942 ## - Elementos de entrada adicionados (Koha)
Tipo de item no Koha Livro
Exemplares
Situação do levantamento Origin of item (home branch) (coded) Biblioteca de empréstimo Código de barras Cota Circulation type (not for loan) Tipo de documento Nota do exemplar Damaged status
  Biblioteca Escolar da Coca Maravilhas Biblioteca Escolar da Coca Maravilhas BECM11d/04 F KAR   DVD Sem mensagem